Aplikácie Kruskalovho-Wallisovho testu v štatistických programových balíkoch a v R-jazyku diplomová práca

Saved in:
Bibliographic Details
Main Author: Salinger, Peter
Corporate Author: Fakulta hospodárskej informatiky EU. Katedra štatistiky
Other Authors: Sipková, Ľubica, 1962-
Format: Book
Language:Slovak
Published: Bratislava 2016
Tags: Add Tag
No Tags, Be the first to tag this record!

MARC

LEADER 00000nbm a2200000 4500
001 0216937
005 20170320151213.5
041 0 |a slo 
044 |a SK 
245 1 0 |a Aplikácie Kruskalovho-Wallisovho testu v štatistických programových balíkoch a v R-jazyku  |b diplomová práca  |c Peter Salinger ; školiteľ: Ľubica Sipková 
264 1 |a Bratislava  |c 2016 
300 |a 68 s. 
100 1 |a Salinger, Peter 
700 1 |a Sipková, Ľubica, 1962- 
710 2 |a Fakulta hospodárskej informatiky EU. Katedra štatistiky